000 00614nam a2200229Ia 4500
003 OSt
005 20221007072644.0
006 a|||||r|||| 00| 0
007 ta
008 221006b |||||||| |||| 00| 0 eng d
024 _a28,813
037 _cTextual
040 _aFLL
_cFLL
_beng
041 _2eng
_aeng
082 _aZ79164:9512, K7;1
100 _aEder Phanor
_9691135
245 0 _aColombian penal code
260 _aLondon
_bSweet & Maxwell Ltd. London
_c1967
300 _axviii,138p
_ccm.
942 _hZ79164:9512, K7;1
_cTEXL
_2CC
999 _c1146656
_d1146656